| 000 | 01508nam a22002177a 4500 | ||
|---|---|---|---|
| 005 | 20231124110722.0 | ||
| 008 | 231118b ||||| |||| 00| 0 eng d | ||
| 020 | _a9788173716232 | ||
| 040 | _cAL | ||
| 041 | _aeng | ||
| 082 |
_223 _a541.242 _bSWAS |
||
| 100 |
_aSwarnalakshmi S _9142158 |
||
| 245 | _aSimple approach to group theory in chemistry | ||
| 260 |
_aNew Delhi _bUniversities Press _c2023 |
||
| 300 |
_av,147p. _bPB _c24x16cm. |
||
| 365 |
_2General _aABDI/0722/23 _b₹413.00 _c₹ _d₹550 _e25% _f27/10/2023 |
||
| 520 | _aThe book explains: The basics of Group Theory. What symmetry elements and operations are? How to identify point groups? The theorems involved and the applications of Group Theory to spectroscopy. This book has been specially designed to use a simple and easily understandable approach that explains the basics of symmetry elements and operations, how to identify point groups and the application of group theory in spectroscopy. The numerous worked-out examples and illustrations of symmetry elements and operations guide the reader in a step-wise manner through the subject. Even those without a background in mathematics will find this approach easy and helpful. The book is based on the prescribed syllabus for M Sc Chemistry and can be used by students across India as a textbook. It can be used as a reference book by B.Sc Chemistry students. | ||
| 650 |
_2Chemistry _aTheoretical chemistry _9142159 |
||
| 700 |
_aSaroja, T; Ezhilarasi, R M _9142160 |
||
| 942 |
_2ddc _cBK |
||
| 999 |
_c229228 _d229228 |
||